[Event "Stay Safe Play From Home 227"]
[Site "T#646802Emanuel Laske"]
[Date "2020.06.15"]
[Round "6"]
[White "Lazieri3"]
[Black "EL sanbary"]
[Result "0-1"]
[WhiteElo "2117"]
[BlackElo "1931"]
[Annotator "TA"]
[PlyCount "126"]
[EventDate "2020.06.15"]
[EventType "swiss (blitz)"]

{[%evp 9,126,15,37,0,54,0,0,-33,-14,-53,7,-62,-19,-21,10,7,16,18,18,0,47,12,14,0,29,35,47,28,71,-63,-64,-54,-56,-252,-247,-230,-76,-146,-72,-120,-91,-1166,-97,-168,-167,-195,-164,-587,-582,-1054,-992,-29996,-29997,-29997,-29994,-29998,-6422,-3337,-2350,-12836,-12836,-12835,-12832,-12831,-12833,-12829,-12830,-11806,-9389,-29976,-12834,-29985,-12829,-12827,-1204,-12835,-12836,-29981,-12842,-12842,-12843,-29985,-29986,-29986,-29987,-29987,-29988,-29988,-29988,-29989,-29989,-29990,-29990,-29990,-27999,-27999,-27999,-27999,-27999,-27999,-27999,-27999,-27999,-27999,-27999,-27999,-27993,-27994,-27994,-27995,-27995,-27996,-27995,-27996,-27996,-27998,-27996,-27997,-27997]} 1. e4 c5 2. Nc3 g6 3. d3 Bg7 4. Nf3 b6 5. Be3 Nc6 6. Qd2 {[#] B23: Closed Sicilian: Lines without g3.} d6 $146 (6... e5 $11) ({Predecessor:} 6... h6 7. g3 Nf6 8. h3 d5 9. exd5 Nxd5 10. Nxd5 Qxd5 11. Bg2 Qd7 12. Rb1 Bb7 {0-1 (26) Delikat,A (1238)-Wasilewski,O (1283) Warsaw 2017}) 7. Be2 (7. d4 $14) 7... e5 $11 8. a3 {The position is equal.} Be6 9. O-O-O Qd7 (9... h6 $15) 10. h3 (10. Ng5 $1 $11) 10... Nd4 11. Ng5 Nxe2+ 12. Nxe2 Ne7 13. Nxe6 Qxe6 14. Kb1 O-O-O 15. Bh6 Bxh6 16. Qxh6 Kb8 17. f4 Rc8 18. Rhf1 f5 19. exf5 (19. g4 $16) 19... Nxf5 $15 20. Qg5 Ne3 21. fxe5 $2 (21. f5 $1 $15 Nxf5 22. g4) 21... Nxf1 $19 22. Rxf1 dxe5 $2 (22... Rhf8 $19 23. Rh1 Qxe5 24. Qxe5 dxe5) 23. Nc3 ({White should try} 23. Rf6 Qd7 24. Qxe5+ Qc7 25. Qe3) 23... Rc7 (23... Rhf8 $142 24. Re1 Rf5) 24. Ne4 Rhc8 25. Rf5 $2 {[%mdl 8192]} (25. b3 $17) 25... c4 $2 (25... gxf5 $19 {and Black stays clearly on top.} 26. Ng3 f4) 26. Rf6 (26. Rxe5 $17 {might work better.} Qd7 27. dxc4) 26... Qd5 27. Rd6 Qb5 {And now ...cxd3 would win.} 28. dxc4 $2 (28. Nc3 Qc5 29. Rd5) 28... Rxc4 {[%mdl 64] Double Attack} 29. Rd2 {White wants to play Nd6.} Rxe4 30. Qe7 Re1+ 31. Ka2 Qc4+ 32. b3 {[#]} Qc3 (32... Qxc2+ $142 $1 33. Rxc2 Rxc2#) 33. Qd6+ Rc7 {[%csl Gc3][%cal Re1a1]} 34. Qd8+ {[#]} Kb7 $1 {[%csl Gc3][%cal Re1a1]} 35. Qd5+ Rc6 {[%csl Gc3][%cal Re1a1]} 36. Qd7+ Ka6 {[%csl Gc3][%cal Re1a1]} 37. Qd3+ Qxd3 38. cxd3 Rcc1 39. a4 Ka5 40. Ka3 b5 (40... Ra1+ $142 41. Kb2 Kb4 42. d4 Reb1+ 43. Kc2 e4 44. Re2 Ra2+ 45. Kxb1 Rxe2 46. Kc1 Kc3 47. Kd1 Kd3 48. g4 e3 49. h4 Rh2 50. Kc1 Rd2 51. d5 e2 52. h5 e1=Q#) 41. Kb2 Kb6 42. axb5 Kxb5 43. d4 Kb4 (43... e4 $142 44. Rf2 e3 45. Rf7 Rb1+ 46. Kc3 e2 47. Kd2 Rf1 48. Rb7+ Kc6 49. Kxe2 Kxb7 50. b4 Rxb4 51. Kxf1 a5 52. Ke2 a4 53. h4 a3 54. Kf3 a2 55. Kf4 a1=Q 56. Kg5 Rxd4 57. Kh6 Rd7 58. Kg5 Qd4 59. h5 Rd5+ 60. Kh6 Rxh5#) 44. dxe5 Rcd1 {[%cal Rd1d2]} 45. Kc2 Rxd2+ {Black mates.} 46. Kxd2 Rxe5 47. h4 Kxb3 {[%mdl 4096] Endgame KR-KPP} 48. Kd3 Rh5 49. Kd4 Rxh4+ {KR-KP} 50. Ke3 Rg4 51. Kf3 {[#]} Rxg2 $1 52. Kxg2 {KP-KP} a5 53. Kf3 a4 54. Kf4 a3 55. Kg5 a2 56. Kh6 a1=Q 57. Kxh7 Qf1 58. Kxg6 Kc4 59. Kg5 Kd5 60. Kg4 Ke6 61. Kg3 Ke5 {( -> ...Qe2)} 62. Kg4 Qf4+ 63. Kh3 Qg5 {Accuracy: White = 27%, Black = 46%.} 0-1

[Event "Stay Safe Play From Home 227"]
[Site "T#646802Emanuel Laske"]
[Date "2020.06.15"]
[Round "6"]
[White "Ironmike"]
[Black "Edmatuag"]
[Result "1-0"]
[WhiteElo "1841"]
[BlackElo "1682"]
[Annotator "NA RC"]
[PlyCount "63"]
[EventDate "2020.06.15"]
[EventType "swiss (blitz)"]

1. e4 {[%emt 0:00:00]} e6 {[%emt 0:00:01]} 2. Nf3 {[%emt 0:00:00]} d5 {[%emt 0:00:01]} 3. exd5 {[%emt 0:00:00]} exd5 {[%emt 0:00:01]} 4. d4 {[%emt 0:00:00]} Be6 {[%emt 0:00:01]} 5. Bd3 {[%emt 0:00:00]} Nf6 {[%emt 0:00:01]} 6. O-O {[%emt 0:00:00]} Nbd7 {[%emt 0:00:01]} 7. h3 {[%emt 0:00:01]} Bd6 {[%emt 0:00:01]} 8. Bg5 {[%emt 0:00:01]} Nf8 {[%emt 0:00:01]} 9. Re1 {[%emt 0:00:02]} h6 {[%emt 0:00:02]} 10. Bh4 {[%emt 0:00:01]} Ng6 {[%emt 0:00:01]} 11. Bg3 {[%emt 0:00:01]} O-O {[%emt 0:00:01]} 12. Nbd2 {[%emt 0:00:02]} Bxg3 {[%emt 0:00:01]} 13. fxg3 {[%emt 0:00:01]} Qd6 {[%emt 0:00:00]} 14. Ne5 {[%emt 0:00:01]} Rae8 {[%emt 0:00:02]} 15. Qf3 {[%emt 0:00:03]} Qe7 {[%emt 0:00:04]} 16. Re2 {[%emt 0:00:02]} Nxe5 {[%emt 0:00:02]} 17. dxe5 {[%emt 0:00:02]} Nd7 {[%emt 0:00:01]} 18. Rf1 {[%emt 0:00:03]} Qg5 {[%emt 0:00:01]} 19. h4 {[%emt 0:00:02]} Qg4 {[%emt 0:00:03]} 20. Qf2 {[%emt 0:00:05]} c5 {[%emt 0:00:03]} 21. c3 {[%emt 0:00:02]} d4 {[%emt 0:00:02]} 22. cxd4 {[%emt 0:00:01]} cxd4 {[%emt 0:00:01]} 23. Re4 {[%emt 0:00:00]} Qh5 {[%emt 0:00:03]} 24. Rxd4 {[%emt 0:00:02]} Nxe5 {[%emt 0:00:02]} 25. Bb1 {[%emt 0:00:03]} Ng4 {[%emt 0:00:02]} 26. Qf3 {[%emt 0:00:03]} Qc5 {[%emt 0:00:01]} 27. Qf4 {[%emt 0:00:06]} Rd8 {[%emt 0:00:02]} 28. Kh1 {[%emt 0:00:08]} Rxd4 {[%emt 0:00:01]} 29. Qf3 {[%emt 0:00:04]} Rxd2 {[%emt 0:00:02]} 30. Qe4 {[%emt 0:00:02]} Nf2+ {[%emt 0:00:01]} 31. Rxf2 {[%emt 0:00:01]} Qxf2 {[%emt 0:00:01]} 32. Qh7# {[%emt 0:00:01] (Lag: Av=0.52s, max=1.6s)} 1-0

[Event "Stay Safe Play From Home 227"]
[Site "T#646802Emanuel Laske"]
[Date "2020.06.15"]
[Round "6"]
[White "Masler"]
[Black "Zitnik"]
[Result "1-0"]
[WhiteElo "1824"]
[BlackElo "1849"]
[Annotator "NA RC"]
[PlyCount "83"]
[EventDate "2020.06.15"]
[EventType "swiss (blitz)"]

1. d4 {[%emt 0:00:01]} d5 {[%emt 0:00:01]} 2. Bf4 {[%emt 0:00:00]} c6 {[%emt 0:00:01]} 3. e3 {[%emt 0:00:00]} Nf6 {[%emt 0:00:01]} 4. Bxb8 {[%emt 0:00:01]} Rxb8 {[%emt 0:00:01]} 5. Qf3 {[%emt 0:00:01]} a6 {[%emt 0:00:01]} 6. Qg3 {[%emt 0:00:01]} Ra8 {[%emt 0:00:02]} 7. Nf3 {[%emt 0:00:01]} Qb6 {[%emt 0:00:01]} 8. b3 {[%emt 0:00:01]} a5 {[%emt 0:00:01]} 9. c3 {[%emt 0:00:01]} a4 {[%emt 0:00:01]} 10. b4 {[%emt 0:00:01]} e6 {[%emt 0:00:01]} 11. Ne5 {[%emt 0:00:01]} Bxb4 {[%emt 0:00:01]} 12. cxb4 {[%emt 0:00:02]} Qxb4+ {[%emt 0:00:01]} 13. Nd2 {[%emt 0:00:01]} Qb2 {[%emt 0:00:02]} 14. Rd1 {[%emt 0:00:02]} Qxa2 {[%emt 0:00:02]} 15. Qf3 {[%emt 0:00:00]} Qb2 {[%emt 0:00:02]} 16. Qe2 {[%emt 0:00:01]} a3 {[%emt 0:00:01]} 17. Rb1 {[%emt 0:00:03]} Qxb1+ {[%emt 0:00:05]} 18. Nxb1 {[%emt 0:00:02]} a2 {[%emt 0:00:00]} 19. Qd1 {[%emt 0:00:08]} a1=Q {[%emt 0:00:01]} 20. g3 {[%emt 0:00:01]} Ne4 {[%emt 0:00:03]} 21. Bg2 {[%emt 0:00:01]} f5 {[%emt 0:00:02]} 22. O-O {[%emt 0:00:01]} Qb2 {[%emt 0:00:05]} 23. Bxe4 {[%emt 0:00:02]} dxe4 {[%emt 0:00:02]} 24. Nd2 {[%emt 0:00:00]} O-O {[%emt 0:00:01]} 25. f3 {[%emt 0:00:01]} Qa3 {[%emt 0:00:02]} 26. fxe4 {[%emt 0:00:02]} Qxe3+ {[%emt 0:00:01]} 27. Kh1 {[%emt 0:00:01]} b5 {[%emt 0:00:03]} 28. Nxc6 {[%emt 0:00:04]} Bb7 {[%emt 0:00:02]} 29. Ne7+ {[%emt 0:00:04]} Kh8 {[%emt 0:00:01]} 30. d5 {[%emt 0:00:04]} exd5 {[%emt 0:00:02]} 31. Nxd5 {[%emt 0:00:01]} Bxd5 {[%emt 0:00:01]} 32. exd5 {[%emt 0:00:02]} Rad8 {[%emt 0:00:01]} 33. Re1 {[%emt 0:00:01]} Qd3 {[%emt 0:00:01]} 34. Nf1 {[%emt 0:00:00]} Qxd5+ {[%emt 0:00:01]} 35. Qxd5 {[%emt 0:00:01]} Rxd5 {[%emt 0:00:00]} 36. Kg2 {[%emt 0:00:00]} Rb8 {[%emt 0:00:01]} 37. Kh3 {[%emt 0:00:00]} g6 {[%emt 0:00:00]} 38. Re7 {[%emt 0:00:01]} b4 {[%emt 0:00:01]} 39. Ne3 {[%emt 0:00:00]} Rc5 {[%emt 0:00:02]} 40. Rd7 {[%emt 0:00:02]} b3 {[%emt 0:00:01]} 41. Nd5 {[%emt 0:00:00]} b2 {[%emt 0:00:02]} 42. Nf6 {[%emt 0:00:00] Čas} 1-0

[Event "Stay Safe Play From Home 227"]
[Site "T#646802Emanuel Laske"]
[Date "2020.06.15"]
[Round "6"]
[White "Klasman"]
[Black "Trotsky"]
[Result "0-1"]
[WhiteElo "1280"]
[BlackElo "1542"]
[Annotator "NA RC"]
[PlyCount "46"]
[EventDate "2020.06.15"]
[EventType "swiss (blitz)"]

1. f4 {[%emt 0:00:02]} d5 {[%emt 0:00:01]} 2. e3 {[%emt 0:00:01]} e6 {[%emt 0:00:00]} 3. Nf3 {[%emt 0:00:01]} c5 {[%emt 0:00:01]} 4. d4 {[%emt 0:00:01]} Nc6 {[%emt 0:00:01]} 5. c3 {[%emt 0:00:01]} c4 {[%emt 0:00:01]} 6. b3 {[%emt 0:00:02]} Qc7 {[%emt 0:00:00]} 7. bxc4 {[%emt 0:00:02]} Nf6 {[%emt 0:00:01]} 8. cxd5 {[%emt 0:00:02]} exd5 {[%emt 0:00:01]} 9. Bd2 {[%emt 0:00:02]} Bd6 {[%emt 0:00:01]} 10. Bd3 {[%emt 0:00:02]} Be6 {[%emt 0:00:01]} 11. Ne5 {[%emt 0:00:01]} O-O-O {[%emt 0:00:01]} 12. Nxc6 {[%emt 0:00:03]} bxc6 {[%emt 0:00:01]} 13. c4 {[%emt 0:00:04]} h5 {[%emt 0:00:02]} 14. cxd5 {[%emt 0:00:02]} Bxd5 {[%emt 0:00:02]} 15. Kf1 {[%emt 0:00:02]} g5 {[%emt 0:00:05]} 16. Nc3 {[%emt 0:00:03]} gxf4 {[%emt 0:00:02]} 17. Rc1 {[%emt 0:00:02]} Kd7 {[%emt 0:00:03]} 18. Nxd5 {[%emt 0:00:02]} Nxd5 {[%emt 0:00:02]} 19. Bf5+ {[%emt 0:00:05]} Ke7 {[%emt 0:00:03]} 20. e4 {[%emt 0:00:02]} Ne3+ {[%emt 0:00:05]} 21. Bxe3 {[%emt 0:00:10]} fxe3 {[%emt 0:00:01]} 22. e5 {[%emt 0:00:01]} Bxe5 {[%emt 0:00:02]} 23. Qb3 {[%emt 0:00:07]} Bxd4 {[%emt 0:00:08] Time (Lag: Av=0.27s, max=0.3s)} 0-1

[Event "Stay Safe Play From Home 227"]
[Site "T#646802Emanuel Laske"]
[Date "2020.06.15"]
[Round "7"]
[White "Broken sword"]
[Black "Lazieri3"]
[Result "1-0"]
[WhiteElo "2440"]
[BlackElo "2092"]
[Annotator "TA"]
[PlyCount "67"]
[EventDate "2020.06.15"]
[EventType "swiss (blitz)"]

{[%evp 16,66,34,0,92,79,86,93,84,90,126,129,125,0,0,-31,-9,-44,0,0,0,0,0,0,0,0,72,0,0,0,0,0,133,83,69,55,47,0,0,0,544,8,135,8,492,86,29991,537,29997,29998,29998,29999,29999]} 1. d4 c6 2. c4 d5 3. cxd5 Nf6 4. Nc3 cxd5 5. Nf3 Nc6 6. Bf4 Bf5 7. e3 e6 8. Qb3 Qb6 9. Bb5 Rc8 {D14: Slav Defence: Exchange variation with ...Bf5.} (9... Nh5 $11 {keeps the balance.}) 10. O-O Be7 11. Ne5 O-O {White is better.} 12. Bxc6 Qxb3 13. axb3 bxc6 {[#]} 14. Bg5 $146 (14. Rxa7 $16 Bd6 15. Ng6) ({Predecessor:} 14. Rxa7 Bd6 15. Na4 Ne4 16. Nd7 Bxf4 17. exf4 {½-½ (77) Ipatov,A (2293)-Mondrzycki,B (1949) Wroclaw 2007}) 14... Rc7 $11 15. Na4 h6 16. Bh4 Rb8 17. Rfc1 Rxb3 18. Nxc6 {aiming for Bg3.} Bd6 19. Bg3 $36 {[%mdl 2048] Black is under pressure.} Bxg3 20. hxg3 Ne4 {[#]} (20... h5 $11 {remains equal.}) 21. Ne5 ({White should play} 21. g4 $1 $16 {[%cal Rg4f5][%mdl 512]} Bg6 (21... Bxg4 22. f3) 22. Ne5 Rxc1+ 23. Rxc1) 21... Rxc1+ 22. Rxc1 Rb4 23. Nc5 {g4 is the strong threat.} Rxb2 (23... f6 $11 24. Ned3 Rb8) 24. Nxe4 Bxe4 {[%mdl 4096] Endgame KRB-KRN} 25. Rc8+ Kh7 26. Rc7 f6 27. Nd7 Kg6 $2 {[%mdl 8192]} (27... Kg8 $11) 28. Rxa7 $2 ({Only move:} 28. Nf8+ $18 Kh5 29. Rxg7) 28... Rb1+ 29. Kh2 {And now Nf8+ would win.} Rf1 $2 {[%mdl 8192]} (29... h5 $1 $11 {and Black stays safe.}) 30. f3 $2 (30. Nf8+ $18 {is the precise move to win.} Kf5 {[#]} 31. g4+ $1 {[%mdl 576] Decoy} (31. Rxg7 h5 $18) 31... Kxg4 32. Rxg7+ Kh4 33. f3 Bxf3 34. Nxe6) 30... Bf5 $2 {[%mdl 8192]} (30... Bxf3 $16 31. gxf3 Rxf3) 31. g4 (31. Nf8+ $142 Kh5 32. Rxg7 Rf2 33. Nd7 Rxg2+ 34. Kxg2 Bg6 35. Nxf6+ Kg5 36. Nh7+ Kh5 37. Kh3 Bf5+ 38. g4+ Bxg4+ 39. fxg4#) 31... Bd3 32. Nf8+ {[%mdl 64] Double Attack. White mates.} Kg5 33. Nxe6+ {[%mdl 64] Double Attack} Kg6 34. Rxg7# {Accuracy: White = 46%, Black = 45%.} 1-0

[Event "Stay Safe Play From Home 227"]
[Site "T#646802Emanuel Laske"]
[Date "2020.06.15"]
[Round "7"]
[White "Lamborghini"]
[Black "Mepe_Nika"]
[Result "0-1"]
[WhiteElo "2256"]
[BlackElo "2353"]
[Annotator "TA"]
[PlyCount "80"]
[EventDate "2020.06.15"]
[EventType "swiss (blitz)"]

{[%evp 9,80,-18,-10,-51,-16,-149,-110,-130,-72,-170,-185,-193,-140,-198,-68,-89,-54,-43,-31,-98,0,0,4,-115,-51,-40,19,19,281,79,270,48,49,44,81,64,109,98,115,89,74,45,40,21,51,0,177,177,524,501,594,158,346,310,1868,1823,1408,748,1228,747,718,-91,-12,-27,-10,-305,564,-634,-634,-610,-614,-29986,-465]} 1. e4 e5 2. d4 exd4 3. Qxd4 Nc6 4. Qe3 Nf6 5. Bd2 Bb4 6. c3 {C22: Centre Game.} Ba5 {[#] Strongly threatening ...0-0.} 7. Bd3 $146 (7. c4 $1 $11 {keeps the balance.}) ({Predecessor:} 7. c4 Bxd2+ 8. Nxd2 O-O 9. Ne2 d6 10. f3 Nd7 11. O-O-O a6 12. Nf4 Nc5 13. g4 {0-1 (28) Moiseenko,V (2517)-Bykov,E (2373) Yaroslavl 2018}) 7... Bb6 8. Qg3 {Black is better.} O-O (8... d5 $142 $1 9. Na3 O-O) 9. Nf3 (9. Bg5 $17 {was necessary.}) 9... d5 $1 $19 {[%cal Rd5e4]} 10. e5 Re8 (10... Ne4 11. Bxe4 dxe4 12. Bh6 $17) (10... Nh5 $19 11. Qg5 Qxg5 12. Bxg5 Bg4) 11. O-O (11. Bg5 $17 h6 12. O-O (12. Bxh6 $2 Nh5 $19) 12... hxg5 13. exf6) 11... Ne4 (11... Nh5 $1 $19 {[%cal Rh5g3]} 12. Qg5 Qxg5 13. Bxg5 Nxe5 14. Nxe5 Rxe5) 12. Qf4 $1 $15 f5 13. exf6 Nxf6 (13... gxf6 $6 14. c4 $14) 14. Be3 (14. Na3 $15) 14... Bg4 (14... Nh5 $17 15. Qa4 Bxe3 16. fxe3 Rxe3) 15. Bxb6 $11 axb6 16. Nd4 {[#]} (16. Nbd2 $11) 16... Nxd4 (16... Ne5 $1 $17 {[%cal Re5d3]} 17. Bb5 c6) 17. cxd4 $15 c5 ({Black should try} 17... Be2 $15 18. Bxe2 Rxe2) 18. Nc3 $11 Qd7 $2 {[%mdl 8192]} (18... Bd7 $11) 19. h3 $2 (19. Bb5 $18 {has better winning chances.} Qe6 20. Bxe8 Rxe8 21. f3) 19... Bh5 $2 (19... c4 $16) 20. Bf5 $2 (20. Bb5 $18 Qe6 21. Bxe8 Rxe8 22. Qd2) 20... Qc6 21. Rac1 c4 22. a4 Re7 23. Rfe1 Rae8 24. Rxe7 Rxe7 25. g4 Bf7 26. g5 {Hoping for Qh4.} Nh5 27. Qf3 (27. Qh2 $14) 27... Bg6 $2 (27... Qd6 $1 $11) 28. Bg4 $18 (28. Qxd5+ $6 Bf7 $14) 28... Be4 $2 (28... Rf7 {is tougher.} 29. Nxd5 Rxf3 30. Ne7+ {[%mdl 64] Double Attack} Kf8 31. Nxc6 Rf4) 29. Nxe4 dxe4 30. Qf5 $2 (30. Qa3 $18 Qe8 31. Bxh5) 30... Qg6 $2 (30... g6 $16 {might work better.} 31. Qc8+ Qxc8 32. Bxc8 Rc7 33. Rxc4 {[%mdl 64] Decoy} (33. Be6+ Kf8 $16) 33... Rxc4 34. Be6+ {[%mdl 64] Double Attack} Kf8 35. Bxc4 Nf4) 31. Qd5+ ({Weaker is} 31. Rxc4 Qxf5 32. Bxf5 Nf4 $18) 31... Rf7 $2 (31... Kf8 32. Rxc4 Re8) 32. Rxc4 {[%cal Rc4c8]} h6 33. Rc8+ Kh7 34. Qd8 {[%csl Gc8][%cal Rd8h8]} Qxg5 35. Qh8+ $2 ({White must play} 35. Qxg5 $18 {Threatening mate with Bf5+.} hxg5 36. Bxh5) 35... Kg6 $11 {And now ...e3 would win.} 36. Qe8 Nf6 $40 {[%mdl 192] Double Attack. Black is up to no good.} 37. Qe6 $2 {[%mdl 8192]} (37. Qe5 $1 $11 {and White has nothing to worry.}) 37... Qf4 $4 {[%mdl 8192] [#]} (37... h5 $19 38. Rc3 hxg4) 38. Qf5+ $4 {[%mdl 8192]} (38. Bh5+ $1 $18 {[%mdl 512]} Kxh5 39. Qxf7+ {[%mdl 64] Double Attack} Kh4 40. Rc3) 38... Qxf5 $19 39. Bxf5+ Kxf5 40. Rc5+ Kf4 {Accuracy: White = 34%, Black = 26%.} (40... bxc5 $142 41. dxc5 Rc7 42. a5 Rxc5 43. a6 bxa6 44. Kf1 Rc2 45. Ke1 Nd5 46. b3 e3 47. Kd1 Rxf2 48. h4 Nb4 49. Kc1 Rc2+ 50. Kb1 e2 51. h5 e1=Q#) 0-1

[Event "Stay Safe Play From Home 227"]
[Site "T#646802Emanuel Laske"]
[Date "2020.06.15"]
[Round "7"]
[White "SoulofWolf"]
[Black "Masler"]
[Result "1-0"]
[WhiteElo "2212"]
[BlackElo "1842"]
[Annotator "TA"]
[PlyCount "125"]
[EventDate "2020.06.15"]
[EventType "swiss (blitz)"]

{[%evp 9,124,108,104,102,128,99,101,63,67,60,65,61,69,51,74,71,121,63,168,80,172,87,103,91,91,50,67,72,102,64,112,87,106,97,129,102,200,208,179,142,490,487,548,523,712,473,498,472,715,316,602,584,563,377,608,629,610,616,637,595,602,558,531,404,521,515,520,450,543,441,563,503,741,123,1196,1183,1139,1072,1241,1219,1333,1320,2847,2671,3236,2668,2483,2254,12840,12840,12841,12839,12838,11579,12836,7159,29992,29992,29992,29993,29995,29993,29995,29995,29995,29994,29995,29996,29996,29996,29998,29996,29997,29998,29998,29999,29999]} 1. Nf3 d5 2. c4 Bf5 3. e3 Bxb1 4. Rxb1 dxc4 5. Bxc4 e6 6. O-O {[#] A09: Réti Opening: 1 Nf3 d5 2 c4.} c6 $146 ({Predecessor:} 6... Nc6 7. d4 Qd7 8. Bb5 O-O-O 9. Qa4 Nf6 10. Ne5 Nxe5 11. Bxd7+ Rxd7 12. dxe5 Nd5 13. Qxa7 {1-0 (26) Cervantes,M-Gomez,J Barranquilla 2001}) 7. b3 Be7 8. a4 {White is better.} Nf6 9. Bb2 Nbd7 10. d4 Nb6 11. Bd3 Nfd5 12. Rc1 Bb4 13. Bb1 (13. e4 $16) 13... Be7 (13... f5 $14) 14. Qd3 (14. e4 $18) 14... g6 (14... a5 $16 {was worth a try.}) 15. Ne5 (15. e4 $18) 15... Bf6 16. Ng4 Bg7 17. g3 Nf6 18. Ne5 Nbd7 {White leaves nothing to chance now.} 19. Nf3 Nh5 20. Rfd1 Nhf6 21. Kg2 Nd5 22. Ba3 N7b6 (22... Bf8 $16 23. Bb2 Bh6) 23. a5 $18 {Threatens to win with e4.} Nd7 24. e4 Bf8 $2 {[%mdl 8192]} (24... Qxa5 $16 25. b4 (25. exd5 Qxa3 26. dxc6 bxc6 $11) 25... Nxb4) 25. Bxf8 ({Weaker is} 25. exd5 Bxa3 26. a6 (26. dxc6 bxc6 27. Rxc6 Nf6 $16) 26... Bxc1 $16) 25... Nxf8 26. exd5 Qxd5 27. Qe4 Qxe4 28. Bxe4 {a6! is the strong threat.} Nd7 {[#]} (28... f5 $142 29. Bd3 a6) 29. b4 (29. a6 $142 $1) 29... O-O $2 (29... Nf6 30. Nd2 O-O) 30. b5 Nf6 31. Bd3 Nd5 $2 (31... cxb5 32. Bxb5 Rfd8) 32. bxc6 bxc6 33. Rxc6 Nb4 34. Rc3 Rab8 35. Bf1 Nd5 36. Rcd3 Rb2 37. R3d2 Rb4 38. h4 Rbb8 39. a6 Kg7 40. Ne5 Nb6 41. Nd7 $2 (41. Nc6 $18 {is more deadly.}) 41... Rbd8 $2 {[%mdl 8192]} (41... Nxd7 $16 42. Rc1 Rfc8) 42. Nxf8 Rxf8 43. Be2 Nd5 44. Bf3 Nc3 45. Rc1 Nd5 46. Bxd5 exd5 47. Rc5 Kf6 48. Rb2 Ke6 49. Rb7 Kf5 50. Rxa7 Ke4 51. Rd7 Rb8 52. Rdxd5 Rb2 53. Re5+ {White mates.} Kd3 54. a7 Re2 {[#]} 55. Re3+ $1 {[%mdl 64] Promotion} Rxe3 56. fxe3 Kxe3 {[%mdl 4096] Endgame KR-K3P} 57. Rc7 Ke4 58. a8=Q+ Ke3 59. Qe8+ Kd3 60. d5 Kd4 61. d6 f5 62. d7 {[%cal Rd7d8]} f4 63. d8=Q# {Accuracy: White = 37%, Black = 29%.} 1-0

[Event "Stay Safe Play From Home 227"]
[Site "T#646802Emanuel Laske"]
[Date "2020.06.15"]
[Round "7"]
[White "EL sanbary"]
[Black "little champs"]
[Result "0-1"]
[WhiteElo "1956"]
[BlackElo "2297"]
[Annotator "TA"]
[PlyCount "86"]
[EventDate "2020.06.15"]
[EventType "swiss (blitz)"]

{[%evp 15,86,0,0,0,15,0,0,0,0,0,29,0,17,-33,-21,-27,-25,-29,-38,-88,22,21,61,0,34,22,21,54,139,26,147,-47,-57,-51,0,0,0,-64,-39,-67,-75,-72,-82,-146,-133,-272,341,307,354,346,256,260,2236,1581,2125,2071,1613,1592,2316,0,0,0,1598,0,1251,400,12815,1135,12835,0,0,0,2363]} 1. c4 c6 2. g3 d5 3. cxd5 cxd5 4. d4 e6 5. Bg2 Nf6 6. Nf3 Be7 7. O-O O-O 8. Nc3 Nc6 9. Ne5 {D13: Slav Defence: Exchange variation without ...Bf5.} Nxe5 10. dxe5 Nd7 $1 11. f4 b6 12. e4 {[#]} dxe4 $146 ({Predecessor:} 12... Ba6 13. exd5 Bxf1 14. Qxf1 exd5 15. Nxd5 Rc8 16. Bd2 b5 17. Kh1 Nb6 18. Ba5 Qe8 19. Bxb6 axb6 {0-1 (32) Vaibhav,S (2560)-Van Foreest,L (2474) Tarvisio 2017}) 13. Nxe4 Bb7 14. Nd6 Bxg2 15. Kxg2 Nc5 16. Be3 Bxd6 17. exd6 Nb7 (17... Ne4 $17) 18. d7 $11 {And now Rc1 would win.} Qe7 19. Qd2 (19. Qd3 $14) 19... Rfd8 20. Rad1 {Strongly threatening b4.} Nc5 21. Bxc5 $1 Qxc5 ({Black should try} 21... bxc5 $14 22. Rf3 Rab8) 22. Qd3 (22. Rc1 $16 Qa5 23. b4) 22... Rab8 (22... a6 $11) 23. Rd2 $2 (23. Rc1 $16 Qb4 24. b3) 23... Rb7 $15 24. Rfd1 g6 (24... Rc7 $15) 25. Qf3 $11 Rc7 26. h4 (26. g4 $1 $11) 26... Qe7 {[%cal Rd8d7]} 27. h5 Rcxd7 28. Rxd7 Rxd7 29. Rxd7 (29. h6 $142 Rxd1 30. Qxd1) 29... Qxd7 $15 {[%mdl 4096] Endgame KQ-KQ} 30. h6 (30. hxg6 $17 hxg6 31. a3) 30... f5 $4 {[%mdl 8192] [#]} (30... Qd5 $1 $19 {[%cal Rd5f3] and all is fine.} 31. Qxd5 exd5) 31. Qa8+ $1 $18 Kf7 {White should prevent ...Qd5+.} 32. Qh8 Qd5+ {[#]} 33. Kh2 $1 Qd2+ $2 (33... Qf3 34. Qxh7+ Kf8) 34. Kh3 Ke7 35. Qxh7+ {[%mdl 64] Double Attack} Kd6 36. Qxg6 Qd1 37. Kh2 $2 (37. Kh4 $18 Qg1 38. h7 Qh2+ 39. Kg5) 37... Qe2+ 38. Kh3 {aiming for h7.} Qf1+ $2 {[%mdl 8192]} (38... Qd1 $11 39. Kh4 Qe2) 39. Kh2 $2 ({Only move:} 39. Kh4 $18 Qh1+ 40. Kg5) 39... b5 $2 {[%mdl 8192]} (39... Qe2+ $11 40. Kh3 a5) 40. h7 (40. Qh5 $142) 40... Qf2+ (40... Qf3 $142 41. b4 (41. h8=Q Qe2+ 42. Kg1 Qe1+ 43. Kh2 Qe2+ 44. Kg1 Qe1+ 45. Kh2 Qe2+ $11) 41... a6) 41. Kh3 Qf1+ 42. Kh2 $2 (42. Kh4 $18 Qe2 43. Qh5 Qh2+ 44. Kg5 Qxg3+ 45. Kf6) 42... Qe2+ 43. Kh3 Qd1 $2 {[%mdl 40960] Accuracy: White = 47%, Black = 29%. . Loss on time!?} (43... Qf1+ $11 44. Kh4 Qh1+ 45. Kg5 Qh2) 0-1

[Event "Stay Safe Play From Home 227"]
[Site "T#646802Emanuel Laske"]
[Date "2020.06.15"]
[Round "7"]
[White "Edmatuag"]
[Black "Klasman"]
[Result "1-0"]
[WhiteElo "1672"]
[BlackElo "1274"]
[Annotator "NA RC"]
[PlyCount "37"]
[EventDate "2020.06.15"]
[EventType "swiss (blitz)"]

1. d3 {[%emt 0:00:01]} f5 {[%emt 0:00:01]} 2. Nc3 {[%emt 0:00:00]} Nf6 {[%emt 0:00:01]} 3. Bg5 {[%emt 0:00:01]} e5 {[%emt 0:00:02]} 4. Bxf6 {[%emt 0:00:01]} Qxf6 {[%emt 0:00:02]} 5. Nf3 {[%emt 0:00:00]} Bb4 {[%emt 0:00:05]} 6. e4 {[%emt 0:00:02]} O-O {[%emt 0:00:04]} 7. Qe2 {[%emt 0:00:01]} fxe4 {[%emt 0:00:02]} 8. dxe4 {[%emt 0:00:04]} Nc6 {[%emt 0:00:03]} 9. Qc4+ {[%emt 0:00:04]} Kh8 {[%emt 0:00:05]} 10. O-O-O {[%emt 0:00:01]} d6 {[%emt 0:00:04]} 11. Nd5 {[%emt 0:00:02]} Qf4+ {[%emt 0:00:05]} 12. Nxf4 {[%emt 0:00:06]} Rxf4 {[%emt 0:00:03]} 13. Be2 {[%emt 0:00:03]} Bd7 {[%emt 0:00:04]} 14. g3 {[%emt 0:00:02]} Rf6 {[%emt 0:00:04]} 15. Nh4 {[%emt 0:00:02]} Be6 {[%emt 0:00:01]} 16. Qd3 {[%emt 0:00:03]} Rxf2 {[%emt 0:00:05]} 17. Rdf1 {[%emt 0:00:06]} Raf8 {[%emt 0:00:03]} 18. Nf3 {[%emt 0:00:04]} Rxf1+ {[%emt 0:00:04]} 19. Rxf1 {[%emt 0:00:02] Time (Lag: Av=0.55s, max=0.8s)} 1-0